LEADER 01330nam a2200325 a 4500 001 000000138051 003 CaOOAMICUS 005 20140408123104.0 008 140408s2013 it u000 u ita r 020 $a978-88-13-32816-0 040 $aPUL$bita 082 04$a364 100 1 $aCorrera, Michele M.$0(OLS)http://pul/name/28696 245 10$aElementi di criminologia /$cMichele M. Correra, Pierpaolo Martucci ; con la collaborazione di Rita Corsa e di Danilo Riponti. 250 $a3. ed. 260 $aPadova :$bCEDAM,$c2013. 300 $aVIII, 308 p. ;$c24 cm 504 $aInclude riferimenti bibliografici. 650 4$aCriminologia.$0(OLS)http://pul/subject/2577 700 1 $aMartucci, Pierpaolo.$0(OLS)http://pul/name/89051 700 1 $aCorsa, Rita.$0(OLS)http://pul/name/89052 700 1 $aRiponti, Danilo.$0(OLS)http://pul/name/89053 850 $aPUL 852 $aPUL$W1$xSL Diritto e Scienze Sociali 3$y79$m364 CORMI 1$j159125$qDDC 21$B158673$CPULBib$Z2$F158673 $H123807 $82 941 1 $a9 996 $6020$a978-88-13-32816-0$9(OLS)http://pul/number/155027 996 $6082$a364$9(OLS)http://pul/classification/2136 996 $6245$aElementi di criminologia$9(OLS)http://pul/title/174799 996 $6260$aPadova :$bCEDAM$9(OLS)http://pul/publisher/48126 LEADER 01438nam a2200337 u 4500 001 000000118315 003 CaOOAMICUS 005 20091125113152.0 008 091125t2009 it u000 u ita r 020 $a978-88-598-0474-1 040 $aPUL$bita$dReb 110 1 $aItalia.$kLeggi, statuti, ecc.$0(OLS)http://pul/name/10145 245 10$aCodice penale commentato /$ca cura di M. Ronco, S. Ardizzone, B. Romano. 250 $a3. ed. 260 $aTorino :$bUTET Giuridica,$cİ2009. 300 $alxiii, 3572 p. ;$c22 cm. 490 1 $aI codici ipertestuali 500 $aContiene banca dati. 504 $aBibliografia diffusa. 650 4$aDiritto penale$zItalia.$0(OLS)http://pul/subject/10217 700 1 $aRomano, Bartolomeo,$d1964-$0(OLS)http://pul/name/68213 700 1 $aRonco, Mauro.$0(OLS)http://pul/name/66104 700 1 $aArdizzone, Salvatore.$0(OLS)http://pul/name/66105 700 1 $aConfortini, Massimo.$0(OLS)http://pul/name/53666 830 2$aI codici ipertestuali.$0(OLS)http://pul/title/105453 850 $aPUL 852 $aPUL$W1$xSL Diritto e Scienze Sociali 3$y79$m348. 45 COD 4.1.7$j135735$qDDC 21$B134727$CPULBib$Z2$F134727 $H111639 $82 941 1 $a9 996 $6020$a978-88-598-0474-1$9(OLS)http://pul/number/142522 996 $6245$aCodice penale commentato$9(OLS)http://pul/title/133093 996 $6260$aTorino :$bUTET Giuridica$9(OLS)http://pul/publisher/79191